Statistiche per Bandiere del Mondo - Oceania

Clicka qui per fare il quiz!

Statistiche generali

  • Questo quiz è stato fatto 138 volte
  • Il punteggio medio è 12 su 14

Statistiche sulle risposte

Risposta% Corretto
Nuova Zelanda
100%
Australia
94%
Papua Nuova Guinea
93%
Micronesia
88%
Palau
88%
Figi
87%
Kiribati
85%
Tonga
85%
Samoa
83%
Isole Marshall
82%
Isole Salomone
80%
Nauru
79%
Vanuatu
79%
Tuvalu
77%

Distribuzione punteggi

Percentile per numero di risposta

Percentuale di utenti per punteggio

I tuoi punteggi nel tempo

Non hai fatto questo quiz